Welcome to Marium Abdulla Library

Embrace knowledge with a breath of fresh air.

Browse Collection

Marium Abdulla Library

Illustrated Dictionary of Expressionism: (Record no. 3661)

MARC details
000 -LEADER
fixed length control field 01512nam a2200277Ia 4500
001 - CONTROL NUMBER
control field 5403
003 - CONTROL NUMBER IDENTIFIER
control field OSt
005 - DATE AND TIME OF LATEST TRANSACTION
control field 20260408165810.0
008 - FIXED-LENGTH DATA ELEMENTS--GENERAL INFORMATION
fixed length control field 211022s9999 xx 000 0 und d
010 ## - LIBRARY OF CONGRESS CONTROL NUMBER
LC control number 7850723
020 ## - INTERNATIONAL STANDARD BOOK NUMBER
International Standard Book Number 0812009851
040 ## - CATALOGING SOURCE
Transcribing agency IVS
082 ## - DEWEY DECIMAL CLASSIFICATION NUMBER
Classification number 709.04 MUL
Edition information 23
Item number 5403
100 ## - MAIN ENTRY--PERSONAL NAME
Personal name Muller, Joseph-Emile
245 #0 - TITLE STATEMENT
Title Illustrated Dictionary of Expressionism:
Statement of responsibility, etc. by Joseph-Emile Muller
260 ## - PUBLICATION, DISTRIBUTION, ETC.
Place of publication, distribution, etc. Woodbury
260 ## - PUBLICATION, DISTRIBUTION, ETC.
Name of publisher, distributor, etc. Barron's Educational
260 ## - PUBLICATION, DISTRIBUTION, ETC.
Date of publication, distribution, etc. 1978
300 ## - PHYSICAL DESCRIPTION
Extent 159 pages :
Other physical details illustrations (some color) ;
Dimensions 19 cm
500 ## - GENERAL NOTE
General note Translation of: L'expressionnisme
520 ## - SUMMARY, ETC.
Summary, etc. Expressionism is an artistic movement that emerged in the early 20th century, primarily in Germany. Characterized by a focus on representing emotional experience rather than physical reality, Expressionism sought to convey the artist's subjective perspective. Artists used bold colors, exaggerated forms, and distorted perspectives to express feelings and mood. The movement was a reaction against the conventional standards of realism in art and explored themes of angst, alienation, and the human condition. Notable figures include Edvard Munch, Wassily Kandinsky, Egon Schiele, and Emil Nolde. Expressionism influenced various art forms, including literature, theater, and film, and laid groundwork for subsequent movements like Abstract Expressionism.
650 ## - SUBJECT ADDED ENTRY--TOPICAL TERM
Topical term or geographic name entry element Art,modern
Chronological subdivision 20th century
650 ## - SUBJECT ADDED ENTRY--TOPICAL TERM
Topical term or geographic name entry element Expressionism(Art)
Form subdivision Dictionaries
650 ## - SUBJECT ADDED ENTRY--TOPICAL TERM
Topical term or geographic name entry element Illustrated
942 ## - ADDED ENTRY ELEMENTS (KOHA)
Koha item type Book
Source of classification or shelving scheme Dewey Decimal Classification
Suppress in OPAC No
Holdings
Date last seen Total checkouts Full call number Barcode Date last checked out Price effective from Koha item type Lost status Damaged status Not for loan Collection Withdrawn status Home library Current library Shelving location Date acquired Source of acquisition Cost, normal purchase price
02/23/2023 1 709.04 MUL 5403 02/16/2023 10/26/2021 Book       Fine Arts   Marium Abdulla Library Marium Abdulla Library Non-Ref 01/18/2008 Zameer Mirza Rizki 2000.00